Loading...
Mythology | 0 | 4 | 1 | 0 | 35 | 107 | 128.25 | 1 | 4 |
Science - Biology | 0 | 3 | 0 | 0 | 30 | 69 | 84.00 | 1 | 3 |
Literature - World Literature | 0 | 1 | 0 | 0 | 10 | 103 | 103.00 | 1 | 1 |
Mythology- Edited | 0 | 1 | 0 | 0 | 10 | 86 | 86.00 | 1 | 1 |
Other Academic | 0 | 1 | 0 | 0 | 10 | 106 | 106.00 | 0 | 1 |
Philosophy | 0 | 2 | 2 | 1 | 10 | 109 | 120.50 | 0 | 2 |
Social Science- Edited | 0 | 1 | 0 | 0 | 10 | 82 | 82.00 | 1 | 1 |
History - European History | 0 | 1 | 0 | 0 | 10 | 96 | 96.00 | 1 | 1 |
Social Science | 0 | 1 | 1 | 1 | 5 | 126 | 126.00 | 0 | 1 |
Religion | 0 | 0 | 1 | 0 | -5 | 0.00 | 0 | 0 | |
History - World History | 0 | 0 | 1 | 0 | -5 | 0.00 | 0 | 0 | |
Fine Arts - Visual Fine Arts | 0 | 0 | 1 | 0 | -5 | 0.00 | 0 | 0 |